<?xml version="1.0" encoding="UTF-8"?>
<record
    xmlns:xsi="http://www.w3.org/2001/XMLSchema-instance"
    xsi:schemaLocation="http://www.loc.gov/MARC21/slim http://www.loc.gov/standards/marcxml/schema/MARC21slim.xsd"
    xmlns="http://www.loc.gov/MARC21/slim">

  <leader>01121nam a22002657a 4500</leader>
  <controlfield tag="005">20170124102923.0</controlfield>
  <datafield tag="010" ind1=" " ind2=" ">
    <subfield code="a">658290</subfield>
  </datafield>
  <datafield tag="020" ind1=" " ind2=" ">
    <subfield code="c">04.25</subfield>
  </datafield>
  <datafield tag="035" ind1=" " ind2=" ">
    <subfield code="a">658290</subfield>
  </datafield>
  <datafield tag="037" ind1=" " ind2=" ">
    <subfield code="b">Cen Lib/Ret</subfield>
  </datafield>
  <datafield tag="040" ind1=" " ind2=" ">
    <subfield code="a">DPL</subfield>
    <subfield code="b">HN</subfield>
  </datafield>
  <datafield tag="082" ind1=" " ind2=" ">
    <subfield code="a">636</subfield>
    <subfield code="b">&#x939;&#x930;&#x92C;&#x902;</subfield>
  </datafield>
  <datafield tag="100" ind1=" " ind2=" ">
    <subfield code="a">&#x939;&#x930;&#x92C;&#x902;&#x938; &#x938;&#x93F;&#x902;&#x939; </subfield>
    <subfield code="9">2125</subfield>
  </datafield>
  <datafield tag="245" ind1=" " ind2=" ">
    <subfield code="a">&#x92A;&#x93E;&#x932;&#x924;&#x942; &#x92A;&#x936;&#x941; /</subfield>
    <subfield code="c">&#x939;&#x930;&#x92C;&#x902;&#x938; &#x938;&#x93F;&#x902;&#x939; ; &#x905;&#x928;&#x941;&#x935;&#x93E;&#x926;&#x915;  &#x92A;&#x94D;&#x930;&#x947;&#x92E;&#x915;&#x93E;&#x928;&#x94D;&#x924; &#x92D;&#x93E;&#x930;&#x94D;&#x917;&#x935;</subfield>
  </datafield>
  <datafield tag="246" ind1=" " ind2=" ">
    <subfield code="a">Paltu pashu</subfield>
    <subfield code="b">by Harbans Singh ; translated by Premkant Bhargav</subfield>
  </datafield>
  <datafield tag="260" ind1=" " ind2=" ">
    <subfield code="a">&#x928;&#x908; &#x926;&#x93F;&#x932;&#x94D;&#x932;&#x940; </subfield>
    <subfield code="b">&#x928;&#x947;&#x936;&#x928;&#x932; &#x92C;&#x941;&#x915; &#x91F;&#x94D;&#x930;&#x938;&#x94D;&#x91F; &#x907;&#x902;&#x921;&#x93F;&#x92F;&#x93E; </subfield>
    <subfield code="c">1966</subfield>
  </datafield>
  <datafield tag="270" ind1=" " ind2=" ">
    <subfield code="a">&#x928;&#x935;&#x940;&#x928; &#x92A;&#x94D;&#x930;&#x947;&#x938;, &#x926;&#x930;&#x93F;&#x92F;&#x93E;&#x917;&#x902;&#x91C; </subfield>
    <subfield code="b">&#x928;&#x908; &#x926;&#x93F;&#x932;&#x94D;&#x932;&#x940; </subfield>
    <subfield code="e">110002</subfield>
  </datafield>
  <datafield tag="300" ind1=" " ind2=" ">
    <subfield code="a">158&#x92A;&#x943;. :</subfield>
    <subfield code="c">19&#x938;&#x947;&#x92E;&#x940; (&#x938;&#x91C;&#x93F;&#x932;&#x94D;&#x926;)</subfield>
    <subfield code="b">&#x91A;&#x93F;&#x924;&#x94D;&#x930; </subfield>
  </datafield>
  <datafield tag="650" ind1=" " ind2=" ">
    <subfield code="a">&#x92A;&#x93E;&#x932;&#x924;&#x942; -- &#x92A;&#x936;&#x941; </subfield>
    <subfield code="9">42938</subfield>
  </datafield>
  <datafield tag="650" ind1=" " ind2=" ">
    <subfield code="a">&#x92A;&#x936;&#x941; </subfield>
    <subfield code="9">42939</subfield>
  </datafield>
  <datafield tag="650" ind1=" " ind2=" ">
    <subfield code="a">Pet -- animals</subfield>
    <subfield code="9">42647</subfield>
  </datafield>
  <datafield tag="650" ind1=" " ind2=" ">
    <subfield code="a">Animals</subfield>
    <subfield code="9">42940</subfield>
  </datafield>
  <datafield tag="700" ind1=" " ind2=" ">
    <subfield code="a">&#x92D;&#x93E;&#x930;&#x94D;&#x917;&#x935;, &#x92A;&#x94D;&#x930;&#x947;&#x92E;&#x915;&#x93E;&#x928;&#x94D;&#x924;</subfield>
    <subfield code="9">42649</subfield>
  </datafield>
  <datafield tag="942" ind1=" " ind2=" ">
    <subfield code="2">ddc</subfield>
    <subfield code="c">HN</subfield>
    <subfield code="h">636</subfield>
    <subfield code="m">&#x939;&#x930;&#x92C;&#x902;</subfield>
  </datafield>
  <datafield tag="999" ind1=" " ind2=" ">
    <subfield code="c">111408</subfield>
    <subfield code="d">111408</subfield>
  </datafield>
  <datafield tag="952" ind1=" " ind2=" ">
    <subfield code="0">0</subfield>
    <subfield code="1">0</subfield>
    <subfield code="4">0</subfield>
    <subfield code="7">0</subfield>
    <subfield code="a">L</subfield>
    <subfield code="b">L</subfield>
    <subfield code="d">2015-08-01</subfield>
    <subfield code="e">Cen Lib/Ret</subfield>
    <subfield code="g">4.25</subfield>
    <subfield code="l">0</subfield>
    <subfield code="o">636 &#x939;&#x930;&#x92C;&#x902;</subfield>
    <subfield code="p">658290</subfield>
    <subfield code="r">2015-08-01 00:00:00</subfield>
    <subfield code="t">1</subfield>
    <subfield code="v">4.25</subfield>
    <subfield code="w">2015-08-01</subfield>
    <subfield code="y">HN</subfield>
  </datafield>
</record>
